000 00750nam a2200241Ia 4500
003 OSt
005 20220926001459.0
006 a|||||r|||| 00| 0
007 ta
008 220923b |||||||| |||| 00| 0 eng d
037 _cGeneral Book
040 _aRTL
_cRTL
_beng
041 _2eng
_aeng
082 _aX71:8F.2.N92<N9t, N2/GD
110 _aINDIA, ATOMIC ENERGY (Department of-)
_9304049
245 0 _aPublic accounts committee 1991-92
_b 12th report
260 _a New Delhi
_bLok Sabha secretariat
_c1992
300 _av,30p.
_ccm.
500 _aAppendix :26-30p.
700 _aINDIA, ATOMIC ENERGY (Department of-)
_9304050
942 _hX71:8F.2.N92<N9t, N2/GD
_cGB
_2CC
999 _c601650
_d601650